Statistics for Wings of Fire: The Dragonet Prophecy Characters

Click here to take the quiz!

General Stats

  • This quiz has been taken 190 times
    (189 since last reset)
  • The average score is 23 of 28

Answer Stats

DescriptionCharacter% Correct
Mudwing DragonetClay
100%
Rainwing DragonetGlory
100%
Nightwing DragonetStarflight
100%
Sandwing DragonetSunny
100%
Seawing DragonetTsunami
100%
Strongest PrincessBurn
97%
Prettiest PrincessBlaze
96%
Most Cunning PrincessBlister
96%
Firescales DragonPeril
96%
Queen of the SkywingsScarlet
95%
Seawing GuardianWebs
92%
Sandwing GuardianDune
91%
Former Queen of the SandwingsOasis
91%
Skywing GuardianKestrel
89%
Insane SeawingGill
80%
Nightwing ProphetMorrowseer
78%
Oldest SiblingReed
77%
Mudwing GuardianAsha
75%
Sibling That DiedCrane
75%
Scarred Icewing in ArenaFjord
74%
Other SiblingSora
73%
Old Dragon Who Defends During TrialsOsprey
70%
Youngest SiblingUmber
70%
Nervous SiblingMarsh
68%
Sandwing That Fought the Firescales DragonHorizon
67%
Icewing Guardian Hvitur
66%
Arena Announcer and PrinceVermillion
66%
Other SiblingPhesant
34%

Score Distribution

Percentile by Number Answered

Percent of People with Each Score

Your Score History

You have not taken this quiz since the last reset